Applied nonlinear dynamics and chaos of mechanical systems with discontinuities / (Record no. 71483)

000 -LEADER
fixed length control field 01437cam a22003494a 4500
001 - CONTROL NUMBER
control field 11927958
003 - CONTROL NUMBER IDENTIFIER
control field NUST - PNEC
005 - DATE AND TIME OF LATEST TRANSACTION
control field 20170116181201.0
008 - FIXED-LENGTH DATA ELEMENTS--GENERAL INFORMATION
fixed length control field 000302s2000 si a b 000 0 eng
010 ## - LIBRARY OF CONGRESS CONTROL NUMBER
LC control number 00028301
020 ## - INTERNATIONAL STANDARD BOOK NUMBER
International Standard Book Number 9810229275
020 ## - INTERNATIONAL STANDARD BOOK NUMBER
International Standard Book Number 9789810229276
040 ## - CATALOGING SOURCE
Transcribing agency LIBRARY
042 ## - AUTHENTICATION CODE
Authentication code pcc
050 00 - LIBRARY OF CONGRESS CALL NUMBER
Classification number TJ173
Item number .A85 2000
082 00 - DEWEY DECIMAL CLASSIFICATION NUMBER
Classification number 621.81 WIE
Edition number 21
100 ## - MAIN ENTRY--PERSONAL NAME
9 (RLIN) 16454
Personal name Wiercigroch Marian
245 00 - TITLE STATEMENT
Title Applied nonlinear dynamics and chaos of mechanical systems with discontinuities /
Statement of responsibility, etc. editors, Marian Wiercigroch, Bram de Kraker.
260 ## - PUBLICATION, DISTRIBUTION, ETC.
Place of publication, distribution, etc. Singapore ;
-- River Edge, NJ :
Name of publisher, distributor, etc. World Scientific,
Date of publication, distribution, etc. 2000.
300 ## - PHYSICAL DESCRIPTION
Extent xv, 444 p. :
Other physical details ill. ;
Dimensions 23 cm.
440 #0 - SERIES STATEMENT/ADDED ENTRY--TITLE
Title World Scientific series in nonlinear science, Series A ;
Volume/sequential designation vol. 28
504 ## - BIBLIOGRAPHY, ETC. NOTE
Bibliography, etc. note Includes bibliographical references.
650 #0 - SUBJECT ADDED ENTRY--TOPICAL TERM
Topical term or geographic name entry element Machinery, Dynamics of.
General subdivision ME
650 #0 - SUBJECT ADDED ENTRY--TOPICAL TERM
Topical term or geographic name entry element Nonlinear theories.
650 #0 - SUBJECT ADDED ENTRY--TOPICAL TERM
Topical term or geographic name entry element Chaotic behavior in systems.
700 1# - ADDED ENTRY--PERSONAL NAME
Personal name Wiercigroch, Marian.
700 1# - ADDED ENTRY--PERSONAL NAME
Personal name Kraker, Bram de.
856 ## - ELECTRONIC LOCATION AND ACCESS
Uniform Resource Identifier <a href="http://www.amazon.com/Applied-Nonlinear-Dynamics-Mechanical-Discontinuities/dp/9810229275/ref=sr_1_1?ie=UTF8&qid=1455691254&sr=8-1&keywords=9810229275">http://www.amazon.com/Applied-Nonlinear-Dynamics-Mechanical-Discontinuities/dp/9810229275/ref=sr_1_1?ie=UTF8&qid=1455691254&sr=8-1&keywords=9810229275</a>
906 ## - LOCAL DATA ELEMENT F, LDF (RLIN)
a 7
b cbc
c orignew
d 1
e ocip
f 20
g y-gencatlg
942 ## - ADDED ENTRY ELEMENTS (KOHA)
Source of classification or shelving scheme
Koha item type Book
Holdings
Withdrawn status Lost status Source of classification or shelving scheme Materials specified (bound volume or other part) Damaged status Not for loan Permanent Location Current Location Shelving location Date acquired Source of acquisition Cost, normal purchase price Total Checkouts Full call number Barcode Date last seen Date last checked out Cost, replacement price Price effective from Koha item type
      hardbound     Pakistan Navy Engineering College (PNEC) Pakistan Navy Engineering College (PNEC)   02/15/2016 ZS Dictionary Shop / Lib Grant 17713.00 1 621.81 WIE PNECLIB-032667 02/18/2016 02/18/2016 17713.00 02/15/2016 Book
© 2023 Central Library, National University of Sciences and Technology. All Rights Reserved.